| 000 | 00000nas 2200000za 4500 |
| 001 | 9.833002 |
| 003 | CaOODSP |
| 005 | 20221107150123 |
| 007 | cr ||||||||||| |
| 008 | 170224d19811984oncar p oss f0###a0eng|d |
| 022 | |y0319-8995 |
| 040 | |aCaOODSP|beng |
| 041 | |aeng|afre |
| 043 | |an-cn--- |
| 086 | 1 |aCS43-212-PDF |
| 245 | 00|aAppliances, radio and television manufacturers |h[electronic resource] / |cStatistics Canada, Manufacturing and Primary Industries Division, Foods, Beverages, Textiles and Miscellaneous Industries Section = Fabricants d'appareils ménagers, de radios et de téléviseurs / Statistique Canada, Division des industries manufacturières et primaires, Section des aliments, des boissons, des textiles et des industries diverses. |
| 246 | 11|aFabricants d'appareils ménagers, de radios et de téléviseurs |
| 246 | 13|aAppliance, radio and television manufacturers |
| 260 | |aOttawa : |bStatistics Canada = Statistique Canada, |c1983-1986. |
| 310 | |aAnnual |
| 362 | 0 |a1981-1984. |
| 490 | 0 |aAnnual census of manufactures = Recensement annuel des manufactures |
| 500 | |aDigitized edition from print [produced by Statistics Canada]. |
| 546 | |aText in English and French. |
| 550 | |aIssued 1982, by Foods, Textiles, Chemicals and Miscellaneous Industries Section; 1983-1984, by Census of Manufactures Section. |
| 580 | |aMerger of: Manufacturers of small electrical appliances (Final); Manufacturers of major appliances, electric and non-electric (Final); and, Manufacturers of household radio and television receivers (Final) |
| 580 | |aMerged with: Communications and other electronic equipment industries; Electrical industrial equipment industries; Communications and energy wire and cable industry; and, Miscellaneous electrical industries, to become: Electrical and electronic products industries. |
| 692 | 07|2gccst|aManufacturing industry |
| 692 | 07|2gccst|aElectronic equipment |
| 710 | 1 |aCanada. |bStatistics Canada. |bFoods, Beverages, Textiles and Miscellaneous Industries Section. |
| 710 | 1 |aCanada. |bStatistics Canada. |bFoods, Textiles, Chemicals and Miscellaneous Industries Section. |
| 710 | 1 |aCanada. |bStatistics Canada. |bCensus of Manufactures Section. |
| 780 | 00|tManufacturers of small electrical appliances |w(CaOODSP)9.832528 |
| 780 | 00|tManufacturers of major appliances, electric and non-electric |w(CaOODSP)9.832925 |
| 780 | 00|tManufacturers of household radio and television receivers |w(CaOODSP)9.832938 |
| 785 | 00|tElectrical and electronic products industries |w(CaOODSP)9.833030 |
| 792 | |tAppliances, radio and television manufacturers |efre|w(CaOODSP)9.833003 |